Bug radical kanji (虫) - Statistics

General Stats
  • This quiz has been taken 15 times
    7 since last reset
  • The average score is 12 of 25
Answer Stats
Hint Answer % Correct
bug
100%
butterfly
83%
snake
83%
ant
67%
bee
67%
contact, touch
67%
frog
67%
mosquito
67%
rainbow
67%
strong
67%
boisterous
50%
crab
50%
honey
50%
single
50%
snail, spiral
50%
dissolve
33%
firefly
33%
moth
33%
scorpion
33%
uncleanness
33%
barbarian
17%
cicada
17%
cocoon
17%
octopus
17%
silkworm
17%
No matching quizzes found
Score Distribution
Percent of People with Each Score
Percentile by Number Answered
Your Score History
You have not taken this quiz since the last reset